Strategies for Teaching a Modular Approach/ (Record no. 356094)
[ view plain ]
| 000 -LEADER | |
|---|---|
| fixed length control field | 00464nam a2200121Ia 4500 |
| 008 - FIXED-LENGTH DATA ELEMENTS--GENERAL INFORMATION | |
| fixed length control field | 180305s9999 xx 000 0 und d |
| 020 ## - INTERNATIONAL STANDARD BOOK NUMBER | |
| International Standard Book Number | 9712328597 |
| 100 ## - MAIN ENTRY--PERSONAL NAME | |
| Personal name | Castillon-Boiser, Diosdada |
| 245 ## - TITLE STATEMENT | |
| Statement of responsibility, etc | Mileah Devela, Leonarda G. Jamora, Christina S. Leuterio, Manual N. Maronilla, Ma.Reggie U. Perez, Analyn Saluba |
| Title | Strategies for Teaching a Modular Approach/ |
| 250 ## - EDITION STATEMENT | |
| Edition statement | 1st ed. |
| 260 ## - PUBLICATION, DISTRIBUTION, ETC. (IMPRINT) | |
| Place of publication, distribution, etc | Quezon City |
| Name of publisher, distributor, etc | Rex Book Store Inc. |
| Date of publication, distribution, etc | 2000 |
| 300 ## - PHYSICAL DESCRIPTION | |
| Extent | iii, 177 Pages |
| Withdrawn status | Lost status | Damaged status | Home library | Current library | Shelving location | Date acquired | Source of acquisition | Total Checkouts | Full call number | Barcode | Date last seen | Price effective from | Koha item type |
|---|---|---|---|---|---|---|---|---|---|---|---|---|---|
| College Library | College Library | General Circulation Section | 03/05/2018 | LB 1025.2 .C352 2000 | c21327 | 05/15/2018 | 03/05/2018 | Books |